| 000 | 00425nam a2200157Ia 4500 | ||
|---|---|---|---|
| 003 | GCL | ||
| 008 | 140319s9999 xx 000 0 eng d | ||
| 040 |
_aGCL / _cGCL |
||
| 082 | 0 | 4 |
_a005.44 _bR M |
| 100 | 1 | _aROBBINS, JUDD | |
| 245 | 1 | 0 |
_aMASTERING DOS 6: SPECIAL EDITION / _cROBBINS, JUDD |
| 260 |
_a[S.N] : _bSYBEX INC. ، _c1993 |
||
| 300 | _a999 P | ||
| 650 | 0 | 4 | _aMS - DOS ( COMPUTER OPERATING SYSTEM ) |
| 942 |
_2ddc _cBK |
||
| 999 |
_c22419 _d22419 |
||